000 00243nam a22000857a 4500
008 160907b xxu||||| |||| 00| 0 eng d
100 _9327
_aKeller H.A
245 _aThe Story of my Life-X
_bTerm I
260 _aNew Delhi
_bRachna Sagar publication
_c2013
999 _c2987
_d2987